Griechen der Antike nach Bild - Statistiken

Allgemein
  • Dieses Quiz wurde 169 mal gespielt
  • Das Durchschnittsergebnis liegt bei 9 aus 24
Antwortstatistiken
Bildquiz Hint Antwort % Korrekt
Autor der Ilias und der Odysee Homer
93%
Herrscher der Makedonen und Eroberer Asiens Alexander der Große
82%
Athenischer Philosoph Sokrates
79%
Gründer der ersten Philosophenschule in Griechenland Platon
68%
Mathematiker, Entdecker des bekannten Lehrsatzes Pythagoras
65%
Universalgelehrter, Lehrer des Alexander Aristoteles
52%
Königin der Griechischen Herrscherdynastie in Ägypten Kleopatra VII.
50%
Arzt und Lehrer, gilt als Begründer der Medizin als Wissenschaft Hippokrates
43%
Feldheer in der Schlacht bei den Thermopylen, König von Sparta Leonidas I.
42%
Philosoph der in einer Tonne gelebt haben soll Diogenes
40%
Historiker, Vater der Geschichtsschreibung Herodot
39%
Vater der Geometrie Euklid
38%
Mathematiker, lebte auf Sizilien Archimedes
37%
Staatsmann Athens im 5. Jahrhundert v. Chr Perikles
36%
Begründete die Griechische Herrscherdynastie in Ägypten Ptolemaios I. Soter
25%
Athenischer Staatsmann, Wegbereiter der attischen Demokratie Solon
24%
Autor der Tragödien "Antigone" und "König Ödipus" Sophokles
23%
Hellenistischer Jude, Missionar des Urchristentums Paulus von Tarsus
21%
Dichter der Griechischen Komödie Aristophanes
18%
Einer der drei Großen Tragödiendichter, Autor von "Medea" Euripides
18%
Begründer der Griechischen Herrscherdynastie der Seleukiden in Persien Seleukos I.
15%
Jüdisch-Hellenistischer Historiker erwähnt Jesus und Johannes den Täufer in seinen Schriften Josephus Flavius
11%
Astronom aus Alexandria Ptolemäus
10%
König des Seleukidenreichs, Beherrschte große Teile des Nahen Ostens Antiochos III. der Große
6%
Keine übereinstimmenden Quizze gefunden
Verteilung der Resultate
Anzahl Personen mit jedem Resultat
Perzentil nach korrekt beantworteten Fragen
Ihre Resultats-Entwicklung
Sie haben dieses Quiz noch nicht gespielt